<The> Process of vertical coordination and its consequences within the beer commodity chain

Identifikácia potencionálnych prínosov plynúcich z vertikálnej koordinácie v rámci vybraného potravinového reťazca. Problém je aplikovaný na komoditnú vertikálu piva, ktoré patrí k významným položkám českého agrárneho exportu. Model simulácie maloobchodnej ceny piva, v ktorom zvýšenie cien vstupov v...

ver descrição completa

Na minha lista:
Detalhes bibliográficos
Autor principal: Veselská, Edita
Formato: Capítulo de Livro
Idioma:inglês
Assuntos:
Tags: Adicionar Tag
Sem tags, seja o primeiro a adicionar uma tag!

MARC

LEADER 00000naa$a2200000$$$4500
001 0035654
005 20231113141649.2
041 0 |a eng 
044 |a CZ 
245 1 0 |a <The> Process of vertical coordination and its consequences within the beer commodity chain  |c Edita Veselská 
520 |a Identifikácia potencionálnych prínosov plynúcich z vertikálnej koordinácie v rámci vybraného potravinového reťazca. Problém je aplikovaný na komoditnú vertikálu piva, ktoré patrí k významným položkám českého agrárneho exportu. Model simulácie maloobchodnej ceny piva, v ktorom zvýšenie cien vstupov v plnej miere ponesie spotrebiteľ. Simulovaná maloobchodná cena je potom porovnaná s cenou tržnou, a tak sú vyjadrené potenciálne prínosy plynúce spotrebiteľovi z vertikálnej koordinácie. 
610 2 0 |a pivo 
610 2 0 |a ceny maloobchodné 
610 2 0 |a simulácia 
610 2 0 |a modely simulačné 
610 2 0 |a koordinácia 
100 1 |a Veselská, Edita